000 01539nam a2200361 c 4500
003 BLK
005 20231103005157.0
008 180410b bul|||||r ||||||| ||bul||
010 _aKNG00150870000
020 _a978-954-655-290-7
_bиздат.: Бард
040 _aBLK
041 _aBUL
_cBUL
072 7 _2bullib
_aН83
_xЧужда художествена литература Н
080 _aАмериканска литература (на САЩ)
_b821.111(73)
_x-312.4
_z821.111(73)-312.4
100 1 _aПрестън, Дъглас
_eпърви автор
_9270440
700 1 _aЧайлд, Линкълн
_eсъавт.
_9371313
700 _aБожилов, Венцислав Божидаров
_cТеодосиев, Стефан, 1968- (псевдоним)
_d1968-
_9367877
139 _aПрестън, Дъглас и др.
_bП 86
245 1 0 _aТрупът на Гедеон
_bРоман
_cДъглас Престън; съавт. Линкълн Чайлд; прев. от англ. Венцислав Божидаров Божилов.
257 _aUSA
260 София
_bБард
_c2012
_fХасково : Полиграфюг
300 _a412 с.
_c20 см
380 _aX
490 1 _aКралете на трилъра
500 _aОриг. загл.: Gideon's corpse / Douglas Preston, Lincoln Child.
659 _aН
852 _aЦб 264869
856 4 _qpdf
_u
856 4 _qpdf
_u
942 _cKNG
_n0
944 _aCR
_c26.09.2013
_k
_lCRON CRON
944 _aED
_c25.03.2014
_k
999 _c144710
_d144710